| 000 | 00373cam a22001337a 4500 | ||
|---|---|---|---|
| 008 | 180718b1963 xxu||||| |||| 00| 0 eng d | ||
| 082 | _aA6x5402 L15 | ||
| 100 | _aLal, Kishori Saran | ||
| 245 |
_aTwilight of the Sultanate _cby Kishori Saran Lal |
||
| 260 |
_aBombay _bAsia Pub. House _c1963 |
||
| 300 | _a358p. | ||
| 500 | _aRs.25.00 | ||
| 650 | _aIndia - History - 1200-1525 | ||
| 999 |
_c370103 _d370103 |
||